00680nam a2200205Ia 4500008004100000020001500041040001900056041001200075082002800087100002600115245010100141260002900242300001800271650001200289651002600301850002100327942000700348999001700355952010200372131103s9999 xx 000 0 und d a8174560173 aLoreto College aEnglish a301.31/TRIbLCLIB/42207 aTrivedi, Priya Ranjan aInternational Encyclopaedia of ecology and environmentb Marine pollution cPriya Ranjan Trivedi aNew DelhibI.I.E.Ec1995 aV.16 c 22cm. aEcology aEcology - Environment aLCLIB/301.31/TRI cBK c25263d75742 00104070aMAINbMAINd2013-11-04l0o301.31/TRI LCLIB/42207pB28068r2013-11-04w2013-11-04yBK